<?xml version="1.0" encoding="UTF-8"?>
<record
    xmlns:xsi="http://www.w3.org/2001/XMLSchema-instance"
    xsi:schemaLocation="http://www.loc.gov/MARC21/slim http://www.loc.gov/standards/marcxml/schema/MARC21slim.xsd"
    xmlns="http://www.loc.gov/MARC21/slim">

  <leader>05851nac a22002651u 4500</leader>
  <controlfield tag="008">081023t        xxu||||| |||| 00| 0 eng d</controlfield>
  <datafield tag="010" ind1=" " ind2=" ">
    <subfield code="a">  2001054873</subfield>
  </datafield>
  <datafield tag="020" ind1=" " ind2=" ">
    <subfield code="a">0130812935</subfield>
  </datafield>
  <datafield tag="082" ind1="0" ind2="0">
    <subfield code="a">627</subfield>
    <subfield code="b">WUR</subfield>
  </datafield>
  <datafield tag="100" ind1=" " ind2=" ">
    <subfield code="a">Wurbs, Ralph Allen.          </subfield>
    <subfield code="9">18937</subfield>
  </datafield>
  <datafield tag="245" ind1="1" ind2="0">
    <subfield code="a">Water Resources Engineering /</subfield>
    <subfield code="c">Ralph A. Wurbs, Wesley P. James.</subfield>
  </datafield>
  <datafield tag="260" ind1=" " ind2=" ">
    <subfield code="a">Upper Saddle River, NJ :</subfield>
    <subfield code="b">Prentice Hall, 2002.</subfield>
    <subfield code="c">2002.</subfield>
  </datafield>
  <datafield tag="300" ind1=" " ind2=" ">
    <subfield code="a">x, 828 p. :</subfield>
    <subfield code="b">ill., maps ;</subfield>
    <subfield code="c">25 cm.</subfield>
  </datafield>
  <datafield tag="504" ind1=" " ind2=" ">
    <subfield code="a">Includes bibliographical references and index.</subfield>
  </datafield>
  <datafield tag="505" ind1="8" ind2=" ">
    <subfield code="a">Machine generated contents note: CHAPTER I INTRODUCTION I -- 1.1 Water Resources Engineering Disciplines 1 -- 1.2 Water Management Sectors 3 -- 1.3 The Water Management Community 18 -- 1.4 Computer Models in Water Resources -- Engineering 29 -- 1.5 Units of Measure 37 -- References 38 -- CHAPTER 2 HYDROLOGY 39 -- 2.1 Water 40 -- 2.2 Hydroclimatology 44 -- 2.3 Atmospheric Processes 55 -- 2.4 Precipitation 58 -- 2.5 Evaporation and Transpiration 68 -- 2.6 Units of Measure for Depth, Area, Volume, -- and Volumetric Rates 76 -- 2.7 Watershed Hydrology and Streamflow 80 -- 2.8 Subsurface Water 89 -- 2.9 Erosion and Sedimentation 91 -- 2.10 Water Quality 92 -- 2.11 Climatic, Hydrologic, and Water Quality Data 99 -- Problems 102 -- References 104 -- CHAPTER 3 FLUID MECHANICS 107 -- 3.1 Units 107 -- 3.2 Properties of Water 108 -- 3.3 Statics 111 -- 3.4 Classification of Fluid Flow 117 -- 3.5 Reynolds Transport Theorem 118 -- 3.6 Dimensional Analysis 119 -- 3.7 Conservation of Mass, Energy, and Momentum 123 -- 3.8 Newton-Raphson Formula 125 -- Problems 126 -- Bibliography 129 -- CHAPTER 4 HYDRAULICS OF PIPELINES -- AND PIPE NETWORKS 130 -- 4.1 Basic Equations for Steady Flow 130 -- 4.2 Pumps in Pipelines 139 -- 4.3 Culverts 151 -- 4.4 Pipelines Connecting Reservoirs 156 -- 4.5 Pipe Network Systems 165 -- 4.6 Unsteady Flow 198 -- 4.7 Generalized Pipe System Simulation Models 233 -- Problems 234 -- Bibliography 250 -- CHAPTER S OPEN CHANNEL HYDRAULICS 252 -- 5.1 Open Channels 252 -- 5.2 Flow Classification 254 -- 5.3 Uniform Flow 254 -- 5.4 Critical Flow 261 -- 5.5 Computing Normal and Critical Depth 266 -- 5.6 Channel Design 270 -- 5.7 Gradually Varied Steady Flow 279 -- 5.8 Rapidly Varied Steady Flow 311 -- 5.9 Unsteady Flow 324 -- 5.10 Generalized Open Channel Hydraulics -- Models 341 -- Problems 341 -- Bibliography 355 -- CHAPTER 6 FLOOD ROUTING 356 -- 6.1 Hydrologic Routing 357 -- 6.2 Kinematic Routing 369 -- 6.3 Hydraulic Stream Routing 374 -- 6.4 Dam Break Analysis 385 -- 6.5 Watershed Routing 391 -- 6.6 Generalized Flood Routing Models 398 -- Problems 398 -- References and Bibliography 406 -- CHAPTER 7 HYDROLOGIC FREQUENCY ANALYSIS 408 -- 7.1 Hydrologic Random Variables and Data 408 -- 7.2 Probability Relationships 411 -- 7.3 Binomial Distribution and Risk Formula 412 -- 7.4 Empirical Relative Frequency Relations 415 -- 7.5 Analytical Probability Distributions 417 -- 7.6 Frequency Graphs 424 -- 7.7 Bulletin 17B Flood Frequency Analysis -- Methodologies 426 -- 7.8 Other Flood Frequency Analysis Methods 432 -- 7.9 Flow-Duration, Concentration-Duration, and Low-Flow -- Frequency Relationships 439 -- 7.10 Reservoir/River System Reliability 443 -- 7.11 Precipitation Frequency Analysis 445 -- 7.12 Probable Maximum Storm 452 -- Problems 455 -- References 460 -- CHAPTER 8 MODELING WATERSHED HYDROLOGY 462 -- 8.1 Watershed Hydrology 462 -- 8.2 Watershed Models 464 -- 8.3 Watershed Characteristics 469 -- 8.4 Rational Method for Estimating Peak Flow 474 -- 8.5 Separating Precipitation into Abstractions and Runoff 477 -- 8.6 Unit Hydrograph Approach for Estimating Flow Rates 488 -- 8.7 Erosion and Sediment Yield 502 -- 8.8 Water Quality Modeling 510 -- 8.9 Generalized Watershed Simulation Models 520 -- Problems 525 -- References 531 -- CHAPTER 9 GROUNDWATER ENGINEERING 534 -- 9.1 Subsurface Water 534 -- 9.2 Basic Equations of Groundwater Flow 538 -- 9.3 Wells 557 -- 9.4 Flow Net Analysis 576 -- 9.5 Numerical Methods 584 -- 9.6 Groundwater Quality 602 -- 9.7 Generalized Groundwater Models 609 -- Problems 610 -- Bibliography 620 -- CHAPTER 10 URBAN STORMWATER MANAGEMENT 622 -- 10.1 Stormwater Collection Systems 623 -- 10.2 On-Site Detention Basins 638 -- 10.3 Regional Detention Facilities 655 -- 10.4 Water Quality 663 -- 10.5 Flood-Damage Mitigation 690 -- Problems 697 -- Bibliography 707 -- CHAPTER 11 WATER RESOURCES SYSTEMS ANALYSIS 709 -- 11.1 The Systems Philosophy 709 -- 11.2 Economic Analysis 711 -- 11.3 Simulation of Flood Damage Reduction Systems 720 -- 11.4 Simulation and Optimization 729 -- 11.5 Linear Programming (LP) 731 -- 11.6 Network Flow Programming 751 -- 11.7 Zero-One Integer Programming 753 -- Problems 756 -- References 767 -- CHAPTER 12 RIVER BASIN MANAGEMENT 769 -- 12.1 River Basin Systems 770 -- 12.2 Dams, Reservoirs, and Associated Facilities 771 -- 12.3 Water Rights and Water Allocation Systems 782 -- 12.4 Water Quality Management 792 -- 12.5 Ecosystem Management 796 -- 12.6 Rivers and Reservoirs of the World 798 -- 12.7 Major River/Reservoir Systems -- in the United States 802 -- 12.8 River Basin Management Computer Models 816 -- References 819 -- INDEX 821.</subfield>
  </datafield>
  <datafield tag="650" ind1=" " ind2="0">
    <subfield code="a">Hydraulic engineering.</subfield>
    <subfield code="9">18938</subfield>
  </datafield>
  <datafield tag="650" ind1=" " ind2="0">
    <subfield code="a">Water resources development.</subfield>
    <subfield code="9">18939</subfield>
  </datafield>
  <datafield tag="650" ind1=" " ind2="0">
    <subfield code="a">Hydrology.</subfield>
    <subfield code="9">18940</subfield>
  </datafield>
  <datafield tag="650" ind1=" " ind2="0">
    <subfield code="a">Water-supply</subfield>
    <subfield code="x">Management.</subfield>
    <subfield code="9">18941</subfield>
  </datafield>
  <datafield tag="700" ind1="1" ind2=" ">
    <subfield code="a">James, Wesley P.</subfield>
    <subfield code="9">18942</subfield>
  </datafield>
  <datafield tag="856" ind1="4" ind2="1">
    <subfield code="3">Table of contents</subfield>
    <subfield code="u">http://www.loc.gov/catdir/toc/fy031/2001054873.html</subfield>
  </datafield>
  <datafield tag="942" ind1=" " ind2=" ">
    <subfield code="c">BB</subfield>
    <subfield code="k">627WUR</subfield>
    <subfield code="2">ddc</subfield>
  </datafield>
  <datafield tag="999" ind1=" " ind2=" ">
    <subfield code="c">2128</subfield>
    <subfield code="d">2128</subfield>
  </datafield>
  <datafield tag="952" ind1=" " ind2=" ">
    <subfield code="0">0</subfield>
    <subfield code="1">0</subfield>
    <subfield code="2">ddc</subfield>
    <subfield code="4">0</subfield>
    <subfield code="7">0</subfield>
    <subfield code="a">MAIN</subfield>
    <subfield code="b">MAIN</subfield>
    <subfield code="c">1ST</subfield>
    <subfield code="d">2011-02-07</subfield>
    <subfield code="l">15</subfield>
    <subfield code="m">34</subfield>
    <subfield code="o">627 WUR</subfield>
    <subfield code="p">000002033</subfield>
    <subfield code="r">2025-07-15 00:00:00</subfield>
    <subfield code="s">2023-09-03</subfield>
    <subfield code="v">2022.00</subfield>
    <subfield code="y">BB</subfield>
  </datafield>
  <datafield tag="952" ind1=" " ind2=" ">
    <subfield code="0">0</subfield>
    <subfield code="1">0</subfield>
    <subfield code="2">ddc</subfield>
    <subfield code="4">0</subfield>
    <subfield code="7">0</subfield>
    <subfield code="8"> </subfield>
    <subfield code="a">MAIN</subfield>
    <subfield code="b">MAIN</subfield>
    <subfield code="c">1ST</subfield>
    <subfield code="d">2010-09-13</subfield>
    <subfield code="e">purchase</subfield>
    <subfield code="l">8</subfield>
    <subfield code="m">38</subfield>
    <subfield code="o">627 WUR</subfield>
    <subfield code="p">000001506</subfield>
    <subfield code="r">2025-07-15 00:00:00</subfield>
    <subfield code="s">2023-10-08</subfield>
    <subfield code="v">2022.00</subfield>
    <subfield code="y">BB</subfield>
  </datafield>
</record>
